Missing Word: Shared Musicals/Movies II Quiz Stats

 Plays Quiz Updated May 19, 2019

Score 0/20 Timer 03:00
0 Plays Today
Musical Word % Correct
Million ______ QuartetDollar
97.1%
In the _______Heights
94.4%
_____ MidnightAfter
94.3%
Five Guys _____ MoeNamed
94.1%
Joseph and the _______ Technicolor DreamcoatAmazing
93.8%
How to Succeed in ________ Without Really TryingBusiness
93.5%
Songs for a New _____World
92.8%
_____ for YouCrazy
89.5%
Dames at ___Sea
89.2%
Pipe _____Dream
87.2%
Musical Word % Correct
Zanna, ____!Don't
87.1%
_____ BrothersBlood
85.9%
Me and My ____Girl
85.3%
The Scottsboro ____Boys
82.3%
_______ OverturesPacific
77.7%
Natasha, Pierre & The _____ Comet of 1812Great
66%
__/ThenIf
61.3%
London ___Road
58.5%
Spring _________Awakening
42%
Passing _______Strange
31%

Today's Daily Dose

You're not logged in!

Compare scores with friends on all Sporcle quizzes.
OR
Log In

Sporcle TV

Today on Sporcle TV


Watch our educational content, quiz creation guides, and fun videos on Sporcle TV.

Show Comments

Extras

Top Quizzes Today


Score Distribution

Your Account Isn't Verified!

In order to create a playlist on Sporcle, you need to verify the email address you used during registration. Go to your Sporcle Settings to finish the process.

Report this User

Report this user for behavior that violates our Community Guidelines.

Details: